Сказки Луны
| Altres autors: | |
|---|---|
| Sumari: | Книга не входит в премиум-версию платформы «Русский как иностранный». Предлагаем вашему вниманию книгу из серии «Библиотека Златоуста». Серия включает адаптированные тексты для 5 уровней владения русским языком: произведения классиков русской литературы, современных писателей, публицистов, журналистов, а также киносценарии. Уровни ориентируются на лексические минимумы, разработанные для Российской государственной системы тестирования по русскому языку. Каждый выпуск снабжён вопросами, заданиями и словарём, в который вошли слова, выходящие за пределы минимума. Гарантированный срок размещения на платформе до 01.07.2026 (автопролонгация) |
| Publicat: |
Санкт-Петербург, Златоуст, 2016
|
| Edició: | Сказки Луны |
| Matèries: | |
| Accés en línia: | Перейти к просмотру издания |
| Format: | MixedMaterials Electrònic |
MARC
| LEADER | 00000 a2200000 4500 | ||
|---|---|---|---|
| 001 | RU/ROS-EDU.RU/67918 | ||
| 856 | 4 | |u https://www.ros-edu.ru/book?id=67918 |z Перейти к просмотру издания | |
| 010 | |a 978-5-86547-836-2 | ||
| 205 | |a Сказки Луны |b 2026-07-01 | ||
| 333 | |a Гарантированный срок размещения на платформе до 01.07.2026 (автопролонгация) | ||
| 100 | |a 20160101d2016 |||y0rusy0250 |s 2026-07-01 | ||
| 105 | |a y z 000zy | ||
| 101 | 0 | |a rus | |
| 102 | |a RU | ||
| 200 | 1 | |a Сказки Луны |b Электронный ресурс |f сост. Г. С. Юдина | |
| 702 | 1 | |b Г. С. |a Юдина |4 220 | |
| 330 | |a Предлагаем вашему вниманию книгу из серии «Библиотека Златоуста». Серия включает адаптированные тексты для 5 уровней владения русским языком: произведения классиков русской литературы, современных писателей, публицистов, журналистов, а также киносценарии. Уровни ориентируются на лексические минимумы, разработанные для Российской государственной системы тестирования по русскому языку. Каждый выпуск снабжён вопросами, заданиями и словарём, в который вошли слова, выходящие за пределы минимума. | ||
| 210 | |a Санкт-Петербург |c Златоуст |d 2016 | ||
| 610 | 1 | |a русский язык | |
| 610 | 1 | |a художественная литература | |
| 610 | 1 | |a лексика | |
| 610 | 1 | |a чтение | |
| 610 | 1 | |a современная проза | |
| 610 | 1 | |a сказка | |
| 675 | |a 81 | ||
| 686 | |a 84 |2 rubbk | ||
| 300 | |a Книга не входит в премиум-версию платформы «Русский как иностранный». | ||
| 215 | |a 174 с. | ||